| 000 | 00395nam a22001337a 4500 | ||
|---|---|---|---|
| 082 |
_a923.15491 _bSAE _cL - NUST-01 P - 48 |
||
| 100 |
_aAhmad Saeed _916647 |
||
| 245 |
_aQuaid i Azam Mohammad Ali Jinnah A Bunch of Rare Letters _bQuaid i Azam Mohammad Ali Jinnah |
||
| 250 | _aIst | ||
| 300 |
_bill _c21cm |
||
| 526 |
_a0 _b0 _c0 _d923_154910000000000_SAE |
||
| 650 |
_aMCE _9379 |
||
| 942 |
_2ddc _cBK |
||
| 999 |
_c549515 _d549515 |
||